| 000 | 00855nam a2200253 i 4500 | ||
|---|---|---|---|
| 001 | 73293 | ||
| 003 | ES-MaACL | ||
| 005 | 20231204173412.0 | ||
| 007 | t| | ||
| 008 | 040924s2003 sp ||||1| spa d | ||
| 020 | _a84-9718-225-1 | ||
| 080 | _a94(460)"15/19" | ||
| 100 | 1 |
_aJuderías, Julián, _d1877-1918 _967185 |
|
| 245 | 1 | 3 |
_aLa leyenda negra _b: estudios acerca del concepto de España en el extranjero / _cJulián Juderías. |
| 250 | _a2ª ed. | ||
| 260 |
_a[Valladolid] : _bConsejería de Cultura y Turismo, _c2003. |
||
| 300 |
_a426 p. ; _c21 cm. |
||
| 490 | 1 |
_aLibros recuperados ; _v1 |
|
| 651 | 4 |
_aEspaña- _xHistoria- _xLeyenda negra. _98346 |
|
| 710 | 1 |
_aCastilla y León. _bConsejería de Cultura y Turismo. _92499 |
|
| 830 | 0 |
_aLibros recuperados ; _v1 _9183391 |
|
| 852 |
_aES-MaACL _jL-28117 |
||
| 999 |
_c73293 _d73293 |
||